Viaje a América del sur : (Record no. 44049)

MARC details
000 -LEADER
fixed length control field 00901cpcaa2200253 4500
001 - CONTROL NUMBER
control field mm 83086082
003 - CONTROL NUMBER IDENTIFIER
control field DLC
005 - DATE AND TIME OF LATEST TRANSACTION
control field 20260227111721.0
008 - FIXED-LENGTH DATA ELEMENTS--GENERAL INFORMATION
fixed length control field 830728|||||||||||| spa
010 ## - LIBRARY OF CONGRESS CONTROL NUMBER
LC control number mm 83086082
040 ## - CATALOGING SOURCE
Original cataloging agency DLC
Transcribing agency DLC
Description conventions dacs
Modifying agency DLC
072 #7 - SUBJECT CATEGORY CODE
Subject category code N
Source lcmd
245 00 - TITLE STATEMENT
Title Viaje a América del sur :
Form diary,
Inclusive dates 1849 Jan. 12-May 14.
300 ## - PHYSICAL DESCRIPTION
Extent 1
Type of unit item.
300 ## - PHYSICAL DESCRIPTION
Extent 1
Type of unit container.
506 0# - RESTRICTIONS ON ACCESS NOTE
Terms governing access Open to research.
520 8# - SUMMARY, ETC.
Summary, etc. Diary (23 pages) by an unknown person of a voyage along the west coast of Central and South America.
546 ## - LANGUAGE NOTE
Language note Collection material in Spanish.
650 #0 - SUBJECT ADDED ENTRY--TOPICAL TERM
Topical term or geographic name entry element Voyages and travels.
651 #0 - SUBJECT ADDED ENTRY--GEOGRAPHIC NAME
Geographic name Latin America
General subdivision Description and travel.
651 #0 - SUBJECT ADDED ENTRY--GEOGRAPHIC NAME
Geographic name South America
General subdivision Description and travel.

No items available.

Powered by Koha